000 00662nam a2200229Ia 4500
003 OSt
005 20220927105707.0
006 a|||||r|||| 00| 0
007 ta
008 220926b |||||||| |||| 00| 0 eng d
024 _a201203
037 _cReference Collections
040 _aRTL
_cRTL
_beng
041 _2eng
_aeng
082 _a"U25k, K6/RR"
100 _aFAIRBRIDGE Rhodes W.
_9374229
245 0 _aEncyclopedia of oceanography
260 _aNew
_bYork Reinhold Publishing Corporation
_c1966
500 _aBibliography chapterwise
942 _h"U25k, K6/RR"
_cCC
999 _c693933
_d693933